| 000 | 00794nam a2200241 i 4500 | ||
|---|---|---|---|
| 001 | bg | ||
| 100 | 1 | _aWOJEWODA, Henryk | |
| 245 | 1 | 0 |
_aMechanika analityczna dla studentów Politechniki Wrocławskiej / _cHenryk Wojewoda ; Politechnika Wrocławska. |
| 260 |
_aWrocław : _bOficyna Wydawnicza PW, _c1995. |
||
| 300 |
_a138 s. : _bil. ; _c24 cm. |
||
| 500 | _aMateriały dydaktyczne Instytutu Fizyki Politechniki Wrocławskiej. | ||
| 504 | _aBibliogr. | ||
| 650 | 9 | _aMechanika analityczna | |
| 655 | _aPodręczniki akademickie | ||
| 020 | _a8370851509 | ||
| 040 | _cBPK | ||
| 041 | 0 | _apl | |
| 080 | _a531/534(075.8) | ||
| 920 | _a83-7085-150-9 | ||
| 942 | _cKS | ||
| 008 | s pl f |000 0 pol | ||
| 999 |
_c39477 _d39477 |
||
| 856 |
_uhttp://koha.tu.koszalin.pl/cgi-bin/koha/opac-detail.pl?biblionumber=39477 _yKatalog online BPK |
||